Die Anfänge der Schrift in Vorderasien /
Saved in:
| Main Author: | |
|---|---|
| Corporate Authors: | , |
| Other Authors: | |
| Format: | Book |
| Language: | German |
| Published: |
Berlin :
Staatliche Museen Preussischer Kulturbesitz,
1990.
|
| Edition: | 1. Aufl. |
| Subjects: | |
| Tags: |
Add Tag
No Tags, Be the first to tag this record!
|
| LEADER | 01048aam a2200289 a 4500 | ||
|---|---|---|---|
| 001 | 001982921-3 | ||
| 005 | 20020606093309.7 | ||
| 008 | 901101s1990 gw ab b s00010 ger | ||
| 010 | |a 90211639 | ||
| 020 | |a 3886092313 | ||
| 035 | 0 | |a ocm22731202 | |
| 040 | |a DLC |c DLC | ||
| 050 | 0 | 0 | |a P211 |b .F4 1990 |
| 100 | 1 | 0 | |a Feller, Barbara. |
| 245 | 1 | 4 | |a Die Anfänge der Schrift in Vorderasien / |c [Text, Barbara Feller ; Redaktion, Geraldine Saherwala]. |
| 250 | |a 1. Aufl. | ||
| 260 | 0 | |a Berlin : |b Staatliche Museen Preussischer Kulturbesitz, |c 1990. | |
| 300 | |a 28 p. : |b ill., maps ; |c 26 cm. | ||
| 500 | |a Cover title. | ||
| 500 | |a Issued by the Museum für Vor- und Frühgeschichte and the Pädagogischer Dienst of the Staatliche Museen. | ||
| 504 | |a Includes bibliographical references. | ||
| 650 | 0 | |a Writing |x History. | |
| 700 | 1 | |a Saherwala, Geraldine. | |
| 710 | 2 | |a Museum für Vor- und Frühgeschichte (Berlin, Germany) | |
| 710 | 2 | |a Staatliche Museen Preussischer Kulturbesitz. |b Pädagogischer Dienst. | |
| 988 | |a 20020608 | ||
| 906 | |0 DLC | ||


